Galatasaray'ın Şampiyon Olduğu Yıllar - Statistics

General Stats
  • This quiz has been taken 117 times
  • The average score is 11 of 25
Answers on the Grid
Answers color-coded by a green-red scale on the quiz's grid according to % correct below.
1959
1959-1960
1960-1961
1961-1962
1962-1963
1963-1964
1964-1965
1965-1966
1966-1967
1967-1968
1968-1969
1969-1970
1970-1971
1971-1972
1972-1973
1973-1974
1974-1975
1975-1976
1976-1977
1977-1978
1978-1979
1979-1980
1980-1981
1981-1982
1982-1983
1983-1984
1984-1985
1985-1986
1986-1987
1987-1988
1988-1989
1989-1990
1990-1991
1991-1992
1992-1993
1993-1994
1994-1995
1995-1996
1996-1997
1997-1998
1998-1999
1999-2000
2000-2001
2001-2002
2002-2003
2003-2004
2004-2005
2005-2006
2006-2007
2007-2008
2008-2009
2009-2010
2010-2011
2011-2012
2012-2013
2013-2014
2014-2015
2015-2016
2016-2017
2017-2018
2018-2019
2019-2020
2020-2021
2021-2022
2022-2023
2023-2024
2024-2025
 
Answer Stats
Answer % Correct
2023-2024
91%
2024-2025
89%
2022-2023
87%
2018-2019
74%
2017-2018
72%
2014-2015
61%
2011-2012
58%
2012-2013
56%
1999-2000
54%
1996-1997
51%
1998-1999
49%
1997-1998
47%
2007-2008
41%
2005-2006
40%
2001-2002
35%
1992-1993
24%
1961-1962
22%
1986-1987
21%
1993-1994
21%
1987-1988
20%
1962-1963
11%
1971-1972
11%
1970-1971
9%
1968-1969
8%
1972-1973
6%
No matching quizzes found
Score Distribution
Percent of People with Each Score
Percentile by Number Answered
Your Score History
You have not taken this quiz